000 00303nam a22001217a 4500
008 171213b xxu||||| |||| 00| 0 eng d
041 _aeng
080 _24 ED
_a343.9
100 _a13
101 _aJUR
245 _aRESEARCH METHODS CRIMINAL JUSTICE AND CRIMINOLOGY
_cMAXFIELD.M.G
942 _2udc
_cBK
999 _c38880
_d38880